000 02989nam0a2200541 4500
001 RU\NLR\BIBL_A\022131163
005 20250331152529.0
010 _a978-5-6048296-4-6
_93000
021 _aRU
_bКН-П-23-080162
_9КН-П-23-8117
035 _a(NLR Aleph) 022131163
035 _a(RuMoRGB)012445189
090 _a12835620
_c12835620
100 _a20240208d2024 u y0rusy50 ca
101 0 _arus
102 _aRU
105 _aa z 000zy
181 0 _ai
_baxxe
182 0 _an
200 1 _aКупола, дворцы, ДК
_eистория и смыслы архитектуры России
_fЛев Масиель Санчес
_gиллюстрации Сергея Безверхого
203 _aТекст
_bвизуальный
_cнепосредственный
210 _aМосква
_cIndividuum
_cИндивидуум Принт
_d2024 (печ. 2023)
215 _a559 с.
_cил.
_d22
320 _aБиблиогр.: с. 535-537 и в подстроч. примеч.
333 _a16+
606 1 _aАрхитектура русская
_9942968
_3RU\NLR\AUTH\6630575
606 1 _aАрхитектура и политика
_91059192
_3RU\NLR\AUTH\6692416
675 _a72.03(47+57)
_v4
686 1 _aЩ113(2Р=Рус)
686 1 _aЩ113(0)-0
686 1 _aФ2(2)
700 1 _7ca
_8rus
_aМасиель Санчес
_bЛ. К.
_f1976-
_gЛев Карлосович
_9265041
_3RU\NLR\AUTH\770265097
856 4 _lVNP_SKP
_tVIEW
_uhttps://webservices.nlr.ru/viewer/file?name=a022131163_002.txt
_yАннотация
856 4 _lVNP_SKP
_tVIEW
_uhttps://webservices.nlr.ru/viewer/file?name=p022131163_003.png
_x001
_yСтраница
856 4 _lVNP_SKP
_tVIEW
_uhttps://webservices.nlr.ru/viewer/file?name=p022131163_004.png
_x002
_yСтраница
856 4 _lVNP_SKP
_tVIEW
_uhttps://webservices.nlr.ru/viewer/file?name=p022131163_005.png
_x003
_yСтраница
856 4 _lVNP_SKP
_tVIEW
_uhttps://webservices.nlr.ru/viewer/file?name=p022131163_006.png
_x004
_yСтраница
856 4 _lVNP_SKP
_tVIEW
_uhttps://webservices.nlr.ru/viewer/file?name=p022131163_007.png
_x005
_yСтраница
856 4 _lVNP_SKP
_tVIEW
_uhttps://webservices.nlr.ru/viewer/file?name=p022131163_008.png
_x006
_yСтраница
856 4 _lVNP_SKP
_tVIEW
_uhttps://webservices.nlr.ru/viewer/file?name=p022131163_009.png
_x007
_yСтраница
856 4 _lVNP_SKP
_tVIEW
_uhttps://webservices.nlr.ru/viewer/file?name=p022131163_010.png
_x008
_yСтраница
856 4 _lVNP_SKP
_tVIEW
_uhttps://webservices.nlr.ru/viewer/file?name=p022131163_011.png
_x009
_yСтраница
856 4 _lVNP_SKP
_tVIEW
_uhttps://webservices.nlr.ru/viewer/file?name=p022131163_012.png
_x010
_yСтраница
856 4 1 _lVNP_SKP
_tVIEW
_uhttps://webservices.nlr.ru/viewer/file?name=t022131163_001.png
_yОбложка
942 _cBOOK
980 4 _aVNP_SKP
980 _aNB